00922nam a2200229 a 450000100100000000500170001000800410002702000150006804000250008310000340010824500850014226000270022730000210025449000450027550400730032050400320039350000210042571000720044683000520051895201050057099900170067500004198520201002035851.0131028s2004 sp 001 0 spa d a8400082435 aDO-SdBNPbspacBNPHU1 aGarcía Moreno, Aitor96892610aRelatos del Pueblo Ladinán :bMe'am lo'ez de Éxodo /cAitor García Moreno. aMadrid :bCSIC,c2004. a455 p. ;c25 cm.1 aPublicaciones de estudios sefardíesv9 aIncluye referencias bibliográficas y notas al pie de las páginas aBibliografía : p. 439-455 aIncluye índice2 aConsejo Superior de Investigaciones Científicas (España)915178 0aPublicaciones de estudios sefardíesv9952484 001050718MOaGRbGRcCTd2013-10-28iLF1l0o p41985-10r2020-06-25w2020-06-25y1ZNo se presta c41474d41474